000 00318 a2200133 4500
001 125360
020 _a9780439625227
040 _cEscola Canadense de Niteroi
100 _aZeman, Kate Kelly Anne
245 1 0 _aEverything You Need to Know About Math Homework
260 _aNew York
362 0 _a2005
942 _cBK
999 _c125360
_d125360